Statistics for 221B Baker Street Quiz

Click here to take the quiz!

General Stats

  • This quiz has been taken 23 times
    (20 since last reset)
  • The average score is 9 of 21

Answer Stats

Answer% Correct
221B Baker Street
71%
Deerstalker Hat
57%
Pipe
57%
Scotland Yard
57%
Apothecary
50%
Bank
50%
Violin
50%
Boars Head Inn
Pub
43%
Dock
43%
Hotel
43%
Magnifying Glass
43%
Museum
43%
Park
43%
Tobacconist
43%
Carriage Depot
36%
Locksmith
36%
Newspaper
Shop
36%
Pawn Broker
36%
Dark Lantern
29%
Pistol
29%
Playhouse
29%

Score Distribution

Percentile by Number Answered

Percent of People with Each Score

Your Score History

You have not taken this quiz since the last reset